Nové lehoty v daňovom konaní

Vymedzenie pojmu lehoty v daňovom konaní. Odpustenie zmeškania zákonnej lehoty podľa zákona o správe daní a poplatkov. Lehoty určené daňovým orgánom. Zákonné lehoty pre účastníkov daňového konania. Popis problémov, ktoré sa týkajú lehôt v daňovom konaní a ilustračné príklady.

Gespeichert in:
Bibliographische Detailangaben
1. Verfasser: Chrenková, Slávka
Format: Buchkapitel
Sprache:Slowakisch
Schlagworte:
Tags: Tag hinzufügen
Keine Tags, Fügen Sie das erste Tag hinzu!

MARC

LEADER 00000naa$a2200000$$$4500
001 0023230
005 20230919094904.2
041 0 |a slo 
044 |a SK 
245 1 0 |a Nové lehoty v daňovom konaní  |c Slávka Chrenková 
520 |a Vymedzenie pojmu lehoty v daňovom konaní. Odpustenie zmeškania zákonnej lehoty podľa zákona o správe daní a poplatkov. Lehoty určené daňovým orgánom. Zákonné lehoty pre účastníkov daňového konania. Popis problémov, ktoré sa týkajú lehôt v daňovom konaní a ilustračné príklady. 
610 2 0 |a úrok z omeškania 
610 2 0 |a obce 
610 2 0 |a splátky 
610 2 0 |a dane 
610 2 0 |a správa colná 
610 2 0 |a orgány finančné 
610 2 0 |a dane odložené 
610 2 0 |a konanie exekučné daňové 
610 2 0 |a daňovníci 
610 2 0 |a kontrola daňová 
610 2 0 |a úrady daňové 
100 1 |a Chrenková, Slávka